|
|
|
|
| LEADER |
00000nam0a2200000 4500 |
| 001 |
63849 |
| 005 |
20231031065041.0 |
| 035 |
|
|
|a (RuTPU)RU\TPU\book\67751
|
| 090 |
|
|
|a 63849
|
| 100 |
|
|
|a 20040520d1976 km y0rusy50 ca
|
| 101 |
0 |
|
|a rus
|
| 102 |
|
|
|a RU
|
| 105 |
|
|
|a a z 001zy
|
| 200 |
1 |
|
|a Локальный метод аэродинамического расчета в разреженном газе
|f Е. В. Алексеева, Р. Г. Баранцев
|g Ленинградский государственный университет им. А. А. Жданова
|
| 210 |
|
|
|a Ленинград
|c Изд-во ЛГУ
|d 1976
|
| 215 |
|
|
|a 210 с.
|c ил.
|
| 320 |
|
|
|a Библиогр.: с. 206-208.
|
| 610 |
1 |
|
|a разреженные газы
|
| 610 |
1 |
|
|a аэродинамические расчеты
|
| 610 |
1 |
|
|a осесимметричные тела
|
| 610 |
1 |
|
|a режимы
|
| 610 |
1 |
|
|a коэффициенты
|
| 610 |
1 |
|
|a число Маха
|
| 675 |
|
|
|a 533.6
|v 3
|
| 700 |
|
1 |
|a Алексеева
|b Е. В.
|g Елена Владимировна
|
| 701 |
|
1 |
|a Баранцев
|b Р. Г.
|g Рэм Георгиевич
|
| 712 |
0 |
2 |
|a Ленинградский государственный университет им. А. А. Жданова
|2 stltpush
|3 (RuTPU)RU\TPU\col\77
|
| 801 |
|
1 |
|a RU
|b 63413507
|c 20040520
|g PSBO
|
| 801 |
|
2 |
|a RU
|b 63413507
|c 20110831
|g PSBO
|
| 942 |
|
|
|c BK
|